000 00739nam a2200193 u 4500
001 000238276
003 AM-YeHGA
005 20250617124721.0
008 030618s1992 ||| r 000 0 rus d
020 _a5746403555
040 _aAM-YeHGA
245 0 0 _aПроблемы физиологии двигательного аппарата :
_b[Сб. ст.] /
_cНауч. ред.: Л.Н. Зефиров.
260 _aКазань :
_bИзд-во Казан. ун-та,
_c1992.
300 _a165 с.
_bил.
504 _aБиблиогр. в конце ст.
653 0 _aОпорно-двигательный аппарат - Физиология
700 1 _aЗефиров, Лев Николаевич
_eред.
_4edt
090 _c85589
999 _c84312
_d84312